000 00684nam a2200205 a 4500
003 OSt
005 20240226120042.0
008 180222t2009 pk | |||| 000 0 urd d
020 _a9789693522150
040 _c0
082 _a297.4
_bGHA 2009
100 1 _aغافرشہزاد
_9121226
245 1 0 _aمساجد؍لاہور:
_bتعميروجماليات
_cGhafer Shahzad
246 _aMasaajid-i-Lahore:
_bTameer O Jamaliyat
260 _aLahore:
_bSang e Meel Pub;
_c2009.
300 _a124 p.
650 _aHistory
_zLahore
_yArchitecture
_9121315
942 _2ddc
_cBK
_aSADA
_k297.4 GHA 2009
999 _c608158
_d608158